| 000 | 00555nam a2200205Ia 4500 | ||
|---|---|---|---|
| 005 | 20250425162412.0 | ||
| 008 | 250425s9999 xx 000 0 und d | ||
| 020 | _a8489420122 | ||
| 041 | _aspa | ||
| 082 | _a305.8866 | ||
| 245 | 0 | _aTEJIENDO LA VIDA... LAS ARTESANIAS DE LA PAJA TOQUILLA EN EL ECUADOR | |
| 250 | _a1A ED. | ||
| 260 |
_aEcuador _bCENTRO INTERAMERICANO DE ARTESANIAS Y ARTES POPULARES _c1988 |
||
| 260 |
_aS.L. _bCIDAP |
||
| 300 | _a210 | ||
| 650 | _aARTESANIAS-ECUADOR | ||
| 650 | _aETNOGRAFIA | ||
| 942 | _c01 | ||
| 010 | _a68876 | ||
| 999 |
_c228474 _d228474 |
||